Việt Nam phong tục

Mỗi nước có một phong tục riêng. Phong tục ấy kỳ thủy hoặc bởi tự một vài người rồi bắt chước nhau thành thói quen. Hoặc bởi ở phong thổ và cách chính trị, cách giáo dục trong nước mà thành ra. Hoặc bởi phong trào ở ngoài tràn vào rô...

Full description

Saved in:
Bibliographic Details
Main Author: Phan Kế Bính
Format: Book
Language:Vietnamese
Published: H. Văn học 2022
Edition:Tái bản
Subjects:
Tags: Add Tag
No Tags, Be the first to tag this record!
Institutions: Thư viện Trường Đại học Nam Cần Thơ
LEADER 01170nam a22002057a 4500
001 NCT_4_007290
008 240506b xxu||||| |||| 00| 0 vie d
999 |c 8268  |d 8268 
020 |a 9786043726831  |c 105000 
082 0 4 |2 23rd ed.  |a 390.09597  |b B312 
100 1 |a Phan Kế Bính 
245 1 0 |a Việt Nam phong tục  |c Phan Kế Bính 
250 |a Tái bản 
260 |a H.  |b Văn học  |c 2022 
300 |a 438tr.  |c 21 cm 
520 3 |a Mỗi nước có một phong tục riêng. Phong tục ấy kỳ thủy hoặc bởi tự một vài người rồi bắt chước nhau thành thói quen. Hoặc bởi ở phong thổ và cách chính trị, cách giáo dục trong nước mà thành ra. Hoặc bởi phong trào ở ngoài tràn vào rồi mà dần dần tiêm nhiễm thành tục. 
653 |a Quản trị Dịch vụ Du lịch và Lữ hành 
942 |2 ddc  |c BK 
952 |0 0  |1 0  |2 ddc  |4 0  |6 390_095970000000000_B312  |7 0  |9 28836  |a 000001  |b 000001  |d 2024-05-06  |o 390.09597 B312  |p MD.22378  |r 2024-05-06  |v 105000.00  |w 2024-05-06  |y BK 
980 |a Thư viện Trường Đại học Nam Cần Thơ